| 000 | 01760cam a22003734a 4500 | ||
|---|---|---|---|
| 999 |
_c528228 _d528228 |
||
| 001 | 15043946 | ||
| 003 | NUST | ||
| 005 | 20190904075157.0 | ||
| 008 | 071009s2008 enkab b 001 0 eng | ||
| 010 | _a 2007041607 | ||
| 020 | _a9781844075478 | ||
| 035 | _a(DNAL)992619 | ||
| 038 | _aM.Sohail | ||
| 040 |
_aDNAL/DLC _cDLC _dDLC |
||
| 042 | _apcc | ||
| 043 | _af------ | ||
| 050 | 0 | 0 |
_aS472.A1 _bC55 2008 |
| 070 | 0 |
_aS472.A1 _bC55 2008 |
|
| 082 | 0 | 0 |
_a338.14096 _222 _bDIN |
| 245 | 0 | 0 |
_aClimate change and agriculture in Africa : _bimpact assessment and adaptation strategies / _cedited by Ariel Dinar ... [et al.] ; with contributions from Leopold Somé ... [et al.] ; with support from the World Bank. |
| 260 |
_aLondon ; _aSterling, VA : _bEarthscan, _c2008. |
||
| 300 |
_axvi, 189 p. : _bill., maps (some col.) ; _c25 cm. |
||
| 490 | 0 | _aEarthscan climate | |
| 504 | _aIncludes bibliographical references (p. [119]-126] and index. | ||
| 505 | 0 | _aIntroduction and rationale -- Study objectives, structure, methodology, organization and countries' agro-climatic conditions -- Methods and models developed and used in the study -- Results of the country analyses -- Results of the regional analyses -- Summary, conclusions and policy implications. | |
| 650 | 0 |
_aAgriculture _zAfrica. _919859 |
|
| 650 | 0 |
_aClimatic changes _zAfrica. _919860 |
|
| 650 | 0 |
_aAgriculture and state _zAfrica. _919861 |
|
| 700 | 1 |
_aDinar, Ariel, _d1947- _92205 |
|
| 856 | 4 | 1 |
_3Table of contents only _uhttp://www.loc.gov/catdir/toc/fy0805/2007041607.html |
| 906 |
_a7 _bcbc _corignew _d1 _eecip _f20 _gy-gencatlg |
||
| 942 |
_2ddc _cBK |
||